Länder, die Nordkorea am Nächsten Liegen - Statistiken

Allgemein
  • Dieses Quiz wurde 222 mal gespielt
  • Das Durchschnittsergebnis liegt bei 17 aus 20
Antwortstatistiken
Km Land % Korrekt
0 Südkorea
100%
0 China
99%
0 Russland
99%
418 Japan
98%
768 Mongolei
93%
2440 Vietnam
93%
2849 Indien
92%
2766 Laos
92%
3014 Thailand
89%
1439 Taiwan
88%
3203 Kambodscha
87%
2731 Myanmar
87%
1941 Philippinen
85%
3357 Bhutan
83%
3492 Malaysia
81%
3357 Bangladesch
75%
3135 Vereinigte Staaten
72%
3092 Kasachstan
68%
3355 Föderierte Staaten von Mikronesien
37%
3425 Palau
35%
Keine übereinstimmenden Quizze gefunden
Verteilung der Resultate
Anzahl Personen mit jedem Resultat
Perzentil nach korrekt beantworteten Fragen
Ihre Resultats-Entwicklung
Sie haben dieses Quiz noch nicht gespielt